<?xml version="1.0" encoding="UTF-8"?><?xml-stylesheet type="text/xsl" href="static/style.xsl"?><OAI-PMH xmlns="http://www.openarchives.org/OAI/2.0/" xmlns:xsi="http://www.w3.org/2001/XMLSchema-instance" xsi:schemaLocation="http://www.openarchives.org/OAI/2.0/ http://www.openarchives.org/OAI/2.0/OAI-PMH.xsd"><responseDate>2026-04-13T06:39:35Z</responseDate><request verb="GetRecord" identifier="oai:www.recercat.cat:2445/19722" metadataPrefix="marc">https://recercat.cat/oai/request</request><GetRecord><record><header><identifier>oai:recercat.cat:2445/19722</identifier><datestamp>2025-12-05T16:58:24Z</datestamp><setSpec>com_2072_1057</setSpec><setSpec>col_2072_478823</setSpec><setSpec>col_2072_478904</setSpec><setSpec>col_2072_478917</setSpec></header><metadata><record xmlns="http://www.loc.gov/MARC21/slim" xmlns:dcterms="http://purl.org/dc/terms/" xmlns:xsi="http://www.w3.org/2001/XMLSchema-instance" xmlns:doc="http://www.lyncode.com/xoai" xsi:schemaLocation="http://www.loc.gov/MARC21/slim http://www.loc.gov/standards/marcxml/schema/MARC21slim.xsd">
   <leader>00925njm 22002777a 4500</leader>
   <datafield ind2=" " ind1=" " tag="042">
      <subfield code="a">dc</subfield>
   </datafield>
   <datafield ind2=" " ind1=" " tag="720">
      <subfield code="a">Jiménez Tejero, Clara Estela</subfield>
      <subfield code="e">author</subfield>
   </datafield>
   <datafield ind2=" " ind1=" " tag="720">
      <subfield code="a">Ramos Gómez, Àngels</subfield>
      <subfield code="e">author</subfield>
   </datafield>
   <datafield ind2=" " ind1=" " tag="720">
      <subfield code="a">Tolós Rigueiro, Laura</subfield>
      <subfield code="e">author</subfield>
   </datafield>
   <datafield ind2=" " ind1=" " tag="720">
      <subfield code="a">Vidaña Haro, Isaac</subfield>
      <subfield code="e">author</subfield>
   </datafield>
   <datafield ind2=" " ind1=" " tag="260">
      <subfield code="c">The properties of open charm mesons, D, D, D{sub s}, and D{sub s} in nuclear matter at finite temperature are studied within a self-consistent coupled-channel approach. The interaction of the low-lying pseudoscalar mesons with the ground-state baryons in the charm sector is derived from a t-channel vector-exchange model. The in-medium scattering amplitudes are obtained by solving the Lippmann-Schwinger equation at finite temperature including Pauli blocking effects, baryon dressing, as well as D, D, D{sub s}, and D{sub s} self-energies taking their mutual influence into account. We find that the in-medium properties of the D meson are affected by the D{sub s}-meson self-energy through the intermediate D{sub s}Y loops coupled to DN states. Similarly, dressing the D meson in the DY loops has an influence over the properties of the D{sub s} meson.</subfield>
   </datafield>
   <datafield ind2=" " ind1=" " tag="260">
      <subfield code="c">2011-09-09T08:48:21Z</subfield>
   </datafield>
   <datafield ind2=" " ind1=" " tag="260">
      <subfield code="c">2011-09-09T08:48:21Z</subfield>
   </datafield>
   <datafield ind2=" " ind1=" " tag="260">
      <subfield code="c">2011</subfield>
   </datafield>
   <datafield ind2=" " ind1=" " tag="520">
      <subfield code="a">The properties of open charm mesons, D, D, D{sub s}, and D{sub s} in nuclear matter at finite temperature are studied within a self-consistent coupled-channel approach. The interaction of the low-lying pseudoscalar mesons with the ground-state baryons in the charm sector is derived from a t-channel vector-exchange model. The in-medium scattering amplitudes are obtained by solving the Lippmann-Schwinger equation at finite temperature including Pauli blocking effects, baryon dressing, as well as D, D, D{sub s}, and D{sub s} self-energies taking their mutual influence into account. We find that the in-medium properties of the D meson are affected by the D{sub s}-meson self-energy through the intermediate D{sub s}Y loops coupled to DN states. Similarly, dressing the D meson in the DY loops has an influence over the properties of the D{sub s} meson.</subfield>
   </datafield>
   <datafield tag="653" ind2=" " ind1=" ">
      <subfield code="a">Física nuclear</subfield>
   </datafield>
   <datafield tag="653" ind2=" " ind1=" ">
      <subfield code="a">Partícules (Física nuclear)</subfield>
   </datafield>
   <datafield tag="653" ind2=" " ind1=" ">
      <subfield code="a">Nuclear physics</subfield>
   </datafield>
   <datafield tag="653" ind2=" " ind1=" ">
      <subfield code="a">Particles (Nuclear physics)</subfield>
   </datafield>
   <datafield ind2="0" ind1="0" tag="245">
      <subfield code="a">Open-charm mesons in nuclear matter at finite temperature beyond the zero-range approximation</subfield>
   </datafield>
</record></metadata></record></GetRecord></OAI-PMH>